Catálogo
 En Linea

Balada de los tres inocentes / (Registro nro. 42189)

Detalles MARC
000 -CABECERA
campo de control de longitud fija 00504nam a2200181 a 4500
001 - NÚMERO DE CONTROL
campo de control 000042700
005 - FECHA Y HORA DE LA ÚLTIMA TRANSACCIÓN
campo de control 20201002040332.0
008 - DATOS DE LONGITUD FIJA--INFORMACIÓN GENERAL
campo de control de longitud fija 140205s1974 sp 000 0 spa d
020 ## - NÚMERO INTERNACIONAL ESTÁNDAR DEL LIBRO
Número Internacional Estándar del Libro 8430060073
040 ## - FUENTE DE LA CATALOGACIÓN
Centro catalogador/agencia de origen DO-SdBNP
Lengua de catalogación spa
Centro/agencia transcriptor BNPHU
082 ## - NÚMERO DE LA CLASIFICACIÓN DECIMAL DEWEY
Número de clasificación xxx
Número de documento/Ítem H565b
100 1# - ENTRADA PRINCIPAL--NOMBRE DE PERSONA
Nombre de persona Herrero, Pedro Mario,
Fechas asociadas al nombre 1929-2005.
9 (RLIN) 70011
245 10 - MENCIÓN DE TÍTULO
Título Balada de los tres inocentes /
Mención de responsabilidad, etc. Pedro Mario Herrero.
260 ## - PUBLICACIÓN, DISTRIBUCIÓN, ETC.
Lugar de publicación, distribución, etc. Madrid :
Nombre del editor, distribuidor, etc. MK,
Fecha de publicación, distribución, etc. 1974.
300 ## - DESCRIPCIÓN FÍSICA
Extensión 82 P. ;
Dimensiones 18 cm.
490 1# - MENCIÓN DE SERIE
Mención de serie Escena
Designación de volumen o secuencia 2
830 #0 - PUNTO DE ACCESO ADICIONAL DE SERIE-TÍTULO UNIFORME
Título uniforme Escena
Número de parte o sección de la obra 2
9 (RLIN) 70012
Existencias
Estado de retiro Estado de pérdida Restricciones de uso No para préstamo Código de colección Localización permanente Ubicación/localización actual Ubicación en estantería Fecha de adquisición Número de inventario Total de préstamos Signatura topográfica completa Código de barras Fecha visto por última vez Precio válido a partir de Tipo de ítem Koha
      Excluido de préstamo Monografías: Libros y Folletos General General En catalogación 05.02.2014 LF1   xxx H565b 42700-10 25.06.2020 25.06.2020 No se presta

Con tecnología Koha